All Liverpool Premier League Players Ever - Statistics

General Stats
  • This quiz has been taken 483 times
  • The average score is 430 of 795
Answer Stats
% Correct
2017/18 Egypt Mohamed Salah 36
97%
2018/19 Egypt Mohamed Salah 38
97%
2019/20 Egypt Mohamed Salah 34
97%
2020/21 Egypt Mohamed Salah 37
97%
2021/22 Egypt Mohamed Salah 35
97%
2022/23 Egypt Mohamed Salah 38
97%
1998/99 England Steven Gerrard 12
95%
1999/00 England Steven Gerrard 29
95%
2000/01 England Steven Gerrard 33
95%
2001/02 England Steven Gerrard 28
95%
2002/03 England Steven Gerrard 34
95%
2003/04 England Steven Gerrard 34
95%
2004/05 England Steven Gerrard 30
95%
2005/06 England Steven Gerrard 32
95%
2006/07 England Steven Gerrard 36
95%
2007/08 England Steven Gerrard 34
95%
2008/09 England Steven Gerrard 31
95%
2009/10 England Steven Gerrard 33
95%
2010/11 England Steven Gerrard 21
95%
2011/12 England Steven Gerrard 18
95%
2012/13 England Steven Gerrard 36
95%
2013/14 England Steven Gerrard 34
95%
2014/15 England Steven Gerrard 29
95%
2016/17 Senegal Sadio Mane 27
94%
2017/18 Senegal Sadio Mane 29
94%
2018/19 Senegal Sadio Mane 36
94%
2019/20 Senegal Sadio Mane 35
94%
2020/21 Senegal Sadio Mane 35
94%
2021/22 Senegal Sadio Mane 34
94%
2018/19 Brazil Alisson Becker 38
92%
2019/20 Brazil Alisson Becker 29
92%
2020/21 Brazil Alisson Becker 33
92%
2021/22 Brazil Alisson Becker 36
92%
2022/23 Brazil Alisson Becker 37
92%
2017/18 Netherlands Virgil van Dijk 14
92%
2018/19 Netherlands Virgil van Dijk 38
92%
2019/20 Netherlands Virgil van Dijk 38
92%
2020/21 Netherlands Virgil van Dijk 5
92%
2021/22 Netherlands Virgil van Dijk 34
92%
2022/23 Netherlands Virgil van Dijk 32
92%
2011/12 England Jordan Henderson 37
91%
2012/13 England Jordan Henderson 30
91%
2013/14 England Jordan Henderson 35
91%
2014/15 England Jordan Henderson 37
91%
2015/16 England Jordan Henderson 17
91%
2016/17 England Jordan Henderson 24
91%
2017/18 England Jordan Henderson 27
91%
2018/19 England Jordan Henderson 32
91%
2019/20 England Jordan Henderson 30
91%
2020/21 England Jordan Henderson 21
91%
2021/22 England Jordan Henderson 35
91%
2022/23 England Jordan Henderson 35
91%
2017/18 Scotland Andrew Robertson 22
90%
2018/19 Scotland Andrew Robertson 36
90%
2019/20 Scotland Andrew Robertson 36
90%
2020/21 Scotland Andrew Robertson 38
90%
2021/22 Scotland Andrew Robertson 29
90%
2022/23 Scotland Andrew Robertson 34
90%
2015/16 Brazil Robert Firmino 31
90%
2016/17 Brazil Robert Firmino 35
90%
2017/18 Brazil Robert Firmino 37
90%
2018/19 Brazil Robert Firmino 34
90%
2019/20 Brazil Robert Firmino 38
90%
2020/21 Brazil Robert Firmino 36
90%
2021/22 Brazil Robert Firmino 20
90%
2022/23 Brazil Robert Firmino 25
90%
2016/17 England Trent Alexander-Arnold 7
89%
2017/18 England Trent Alexander-Arnold 19
89%
2018/19 England Trent Alexander-Arnold 29
89%
2019/20 England Trent Alexander-Arnold 38
89%
2020/21 England Trent Alexander-Arnold 36
89%
2021/22 England Trent Alexander-Arnold 32
89%
2022/23 England Trent Alexander-Arnold 37
89%
2010/11 Uruguay Luis Suarez 13
88%
2011/12 Uruguay Luis Suarez 31
88%
2012/13 Uruguay Luis Suarez 33
88%
2013/14 Uruguay Luis Suarez 33
88%
2022/23 Uruguay Darwin Nunez 29
85%
2018/19 Brazil Fabinho 28
85%
2019/20 Brazil Fabinho 28
85%
2020/21 Brazil Fabinho 30
85%
2021/22 Brazil Fabinho 29
85%
2022/23 Brazil Fabinho 36
85%
2004/05 Spain Antonio Nunez 18
84%
1996/97 England Jamie Carragher 2
84%
1997/98 England Jamie Carragher 20
84%
1998/99 England Jamie Carragher 34
84%
1999/00 England Jamie Carragher 36
84%
2000/01 England Jamie Carragher 34
84%
2001/02 England Jamie Carragher 33
84%
2002/03 England Jamie Carragher 35
84%
2003/04 England Jamie Carragher 22
84%
2004/05 England Jamie Carragher 38
84%
2005/06 England Jamie Carragher 36
84%
2006/07 England Jamie Carragher 35
84%
2007/08 England Jamie Carragher 35
84%
2008/09 England Jamie Carragher 38
84%
2009/10 England Jamie Carragher 37
84%
2010/11 England Jamie Carragher 28
84%
2011/12 England Jamie Carragher 21
84%
2012/13 England Jamie Carragher 24
84%
2016/17 Cameroon Joel Matip 29
83%
2017/18 Cameroon Joel Matip 25
83%
2018/19 Cameroon Joel Matip 22
83%
2019/20 Cameroon Joel Matip 9
83%
2020/21 Cameroon Joel Matip 10
83%
2021/22 Cameroon Joel Matip 31
83%
2022/23 Cameroon Joel Matip 14
83%
2004/05 Spain Xabi Alonso 24
83%
2005/06 Spain Xabi Alonso 35
83%
2006/07 Spain Xabi Alonso 32
83%
2007/08 Spain Xabi Alonso 19
83%
2008/09 Spain Xabi Alonso 33
83%
2016/17 Netherlands Georginio Wijnaldum 36
82%
2017/18 Netherlands Georginio Wijnaldum 33
82%
2018/19 Netherlands Georginio Wijnaldum 35
82%
2019/20 Netherlands Georginio Wijnaldum 37
82%
2020/21 Netherlands Georginio Wijnaldum 38
82%
2019/20 England Curtis Jones 6
81%
2020/21 England Curtis Jones 24
81%
2021/22 England Curtis Jones 15
81%
2022/23 England Curtis Jones 18
81%
2020/21 Portugal Diogo Jota 19
81%
2021/22 Portugal Diogo Jota 35
81%
2022/23 Portugal Diogo Jota 22
81%
2011/12 Australia Bradley Jones 1
80%
2012/13 Australia Bradley Jones 7
80%
2014/15 Australia Bradley Jones 3
80%
2007/08 Spain Fernando Torres 33
80%
2008/09 Spain Fernando Torres 24
80%
2009/10 Spain Fernando Torres 22
80%
2010/11 Spain Fernando Torres 23
80%
1994/95 Wales Lee Jones 1
80%
1996/97 Wales Lee Jones 2
80%
2003/04 Wales Paul Jones 2
80%
1992/93 England Rob Jones 30
80%
1993/94 England Rob Jones 38
80%
1994/95 England Rob Jones 31
80%
1995/96 England Rob Jones 33
80%
1996/97 England Rob Jones 2
80%
1997/98 England Rob Jones 21
80%
2007/08 Slovakia Martin Skrtel 14
79%
2008/09 Slovakia Martin Skrtel 21
79%
2009/10 Slovakia Martin Skrtel 19
79%
2010/11 Slovakia Martin Skrtel 38
79%
2011/12 Slovakia Martin Skrtel 34
79%
2012/13 Slovakia Martin Skrtel 25
79%
2013/14 Slovakia Martin Skrtel 36
79%
2014/15 Slovakia Martin Skrtel 33
79%
2015/16 Slovakia Martin Skrtel 22
79%
2005/06 Spain Pepe Reina 33
79%
2006/07 Spain Pepe Reina 35
79%
2007/08 Spain Pepe Reina 38
79%
2008/09 Spain Pepe Reina 38
79%
2009/10 Spain Pepe Reina 38
79%
2010/11 Spain Pepe Reina 38
79%
2011/12 Spain Pepe Reina 34
79%
2012/13 Spain Pepe Reina 31
79%
2012/13 Brazil Philippe Coutinho 13
79%
2013/14 Brazil Philippe Coutinho 33
79%
2014/15 Brazil Philippe Coutinho 35
79%
2015/16 Brazil Philippe Coutinho 26
79%
2016/17 Brazil Philippe Coutinho 31
79%
2017/18 Brazil Philippe Coutinho 14
79%
2013/14 Belgium Simon Mignolet 38
79%
2014/15 Belgium Simon Mignolet 36
79%
2015/16 Belgium Simon Mignolet 34
79%
2016/17 Belgium Simon Mignolet 28
79%
2017/18 Belgium Simon Mignolet 19
79%
2022/23 England Joe Gomez 21
78%
2021/22 Colombia Luis Diaz 13
78%
2022/23 Colombia Luis Diaz 17
78%
2001/02 Poland Jerzy Dudek 35
77%
2002/03 Poland Jerzy Dudek 30
77%
2003/04 Poland Jerzy Dudek 30
77%
2004/05 Poland Jerzy Dudek 24
77%
2005/06 Poland Jerzy Dudek 6
77%
2006/07 Poland Jerzy Dudek 2
77%
2001/02 Norway John Arne Riise 38
77%
2002/03 Norway John Arne Riise 37
77%
2003/04 Norway John Arne Riise 28
77%
2004/05 Norway John Arne Riise 37
77%
2005/06 Norway John Arne Riise 32
77%
2006/07 Norway John Arne Riise 33
77%
2007/08 Norway John Arne Riise 29
77%
2015/16 England Joseph Gomez 5
77%
2017/18 England Joseph Gomez 23
77%
2018/19 England Joseph Gomez 16
77%
2019/20 England Joseph Gomez 28
77%
2020/21 England Joseph Gomez 7
77%
2021/22 England Joseph Gomez 8
77%
1996/97 England Michael Owen 2
77%
1997/98 England Michael Owen 36
77%
1998/99 England Michael Owen 30
77%
1999/00 England Michael Owen 27
77%
2000/01 England Michael Owen 28
77%
2001/02 England Michael Owen 29
77%
2002/03 England Michael Owen 35
77%
2003/04 England Michael Owen 29
77%
2014/15 Croatia Dejan Lovren 26
76%
2015/16 Croatia Dejan Lovren 24
76%
2016/17 Croatia Dejan Lovren 29
76%
2017/18 Croatia Dejan Lovren 29
76%
2018/19 Croatia Dejan Lovren 13
76%
2019/20 Croatia Dejan Lovren 10
76%
2015/16 England James Milner 28
76%
2016/17 England James Milner 36
76%
2017/18 England James Milner 32
76%
2018/19 England James Milner 31
76%
2019/20 England James Milner 22
76%
2020/21 England James Milner 26
76%
2021/22 England James Milner 24
76%
2022/23 England James Milner 31
76%
2018/19 Guinea Naby Keita 25
76%
2019/20 Guinea Naby Keita 18
76%
2020/21 Guinea Naby Keita 10
76%
2021/22 Guinea Naby Keita 23
76%
2022/23 Guinea Naby Keita 8
76%
2006/07 Netherlands Dirk Kuyt 34
75%
2007/08 Netherlands Dirk Kuyt 32
75%
2008/09 Netherlands Dirk Kuyt 38
75%
2009/10 Netherlands Dirk Kuyt 37
75%
2010/11 Netherlands Dirk Kuyt 33
75%
2011/12 Netherlands Dirk Kuyt 34
75%
2011/12 England Raheem Sterling 3
75%
2012/13 England Raheem Sterling 24
75%
2013/14 England Raheem Sterling 33
75%
2014/15 England Raheem Sterling 35
75%
2020/21 Spain Thiago Alcantara 24
75%
2021/22 Spain Thiago Alcantara 25
75%
2022/23 Spain Thiago Alcantara 18
75%
2012/13 England Daniel Sturridge 14
74%
2013/14 England Daniel Sturridge 29
74%
2014/15 England Daniel Sturridge 12
74%
2015/16 England Daniel Sturridge 14
74%
2016/17 England Daniel Sturridge 20
74%
2017/18 England Daniel Sturridge 9
74%
2018/19 England Daniel Sturridge 18
74%
2021/22 France Ibrahima Konate 11
73%
2022/23 France Ibrahima Konate 18
73%
1999/00 Finand Sami Hyypia 38
73%
2000/01 Finand Sami Hyypia 35
73%
2001/02 Finand Sami Hyypia 37
73%
2002/03 Finand Sami Hyypia 36
73%
2003/04 Finand Sami Hyypia 38
73%
2004/05 Finand Sami Hyypia 32
73%
2005/06 Finand Sami Hyypia 36
73%
2006/07 Finand Sami Hyypia 23
73%
2007/08 Finand Sami Hyypia 27
73%
2008/09 Finand Sami Hyypia 16
73%
2015/16 Belgium Divock Origi 16
72%
2016/17 Belgium Divock Origi 34
72%
2017/18 Belgium Divock Origi 1
72%
2018/19 Belgium Divock Origi 12
72%
2019/20 Belgium Divock Origi 28
72%
2020/21 Belgium Divock Origi 9
72%
2021/22 Belgium Divock Origi 7
72%
2014/15 Germany Emre Can 27
72%
2015/16 Germany Emre Can 30
72%
2016/17 Germany Emre Can 32
72%
2017/18 Germany Emre Can 26
72%
2020/21 Greece Konstantinos Tsimikas 2
72%
2021/22 Greece Konstantinos Tsimikas 13
72%
2022/23 Greece Konstantinos Tsimikas 20
72%
2016/17 Germany Loris Karius 10
72%
2017/18 Germany Loris Karius 19
72%
2018/19 Switzerland Xherdan Shaqiri 24
72%
2019/20 Switzerland Xherdan Shaqiri 7
72%
2020/21 Switzerland Xherdan Shaqiri 14
72%
2022/23 Netherlands Cody Gakpo 21
70%
2005/06 Denmark Daniel Agger 4
70%
2006/07 Denmark Daniel Agger 27
70%
2007/08 Denmark Daniel Agger 5
70%
2008/09 Denmark Daniel Agger 18
70%
2009/10 Denmark Daniel Agger 23
70%
2010/11 Denmark Daniel Agger 16
70%
2011/12 Denmark Daniel Agger 27
70%
2012/13 Denmark Daniel Agger 35
70%
2013/14 Denmark Daniel Agger 20
70%
1993/94 England Robbie Fowler 28
70%
1994/95 England Robbie Fowler 42
70%
1995/96 England Robbie Fowler 38
70%
1996/97 England Robbie Fowler 32
70%
1997/98 England Robbie Fowler 20
70%
1998/99 England Robbie Fowler 25
70%
1999/00 England Robbie Fowler 14
70%
2000/01 England Robbie Fowler 27
70%
2001/02 England Robbie Fowler 10
70%
2005/06 England Robbie Fowler 14
70%
2006/07 England Robbie Fowler 16
70%
2007/08 Israel Yossi Benayoun 30
69%
2008/09 Israel Yossi Benayoun 32
69%
2009/10 Israel Yossi Benayoun 30
69%
2019/20 England Harvey Elliott 2
68%
2021/22 England Harvey Elliott 6
68%
2022/23 England Harvey Elliott 32
68%
1992/93 Wales Ian Rush 32
67%
1993/94 Wales Ian Rush 42
67%
1994/95 Wales Ian Rush 36
67%
1995/96 Wales Ian Rush 20
67%
2006/07 Argentina Javier Mascherano 7
67%
2007/08 Argentina Javier Mascherano 25
67%
2008/09 Argentina Javier Mascherano 27
67%
2009/10 Argentina Javier Mascherano 34
67%
2010/11 Argentina Javier Mascherano 1
67%
2007/08 Brazil Lucas Leiva 18
66%
2008/09 Brazil Lucas Leiva 25
66%
2009/10 Brazil Lucas Leiva 35
66%
2010/11 Brazil Lucas Leiva 33
66%
2011/12 Brazil Lucas Leiva 12
66%
2012/13 Brazil Lucas Leiva 26
66%
2013/14 Brazil Lucas Leiva 27
66%
2014/15 Brazil Lucas Leiva 20
66%
2015/16 Brazil Lucas Leiva 27
66%
2016/17 Brazil Lucas Leiva 24
66%
2009/10 England Glen Johnson 25
65%
2010/11 England Glen Johnson 28
65%
2011/12 England Glen Johnson 23
65%
2012/13 England Glen Johnson 36
65%
2013/14 England Glen Johnson 29
65%
2014/15 England Glen Johnson 19
65%
2002/03 Czech Republic Milan Baros 27
65%
2003/04 Czech Republic Milan Baros 13
65%
2004/05 Czech Republic Milan Baros 26
65%
2005/06 Czech Republic Milan Baros 2
65%
2003/04 Australia Harry Kewell 36
64%
2004/05 Australia Harry Kewell 18
64%
2005/06 Australia Harry Kewell 27
64%
2006/07 Australia Harry Kewell 2
64%
2007/08 Australia Harry Kewell 10
64%
2014/15 England Adam Lallana 27
63%
2015/16 England Adam Lallana 30
63%
2016/17 England Adam Lallana 31
63%
2017/18 England Adam Lallana 12
63%
2018/19 England Adam Lallana 13
63%
2019/20 England Adam Lallana 15
63%
2013/14 Cote D'Ivoire Kolo Toure 20
63%
2014/15 Cote D'Ivoire Kolo Toure 12
63%
2015/16 Cote D'Ivoire Kolo Toure 14
63%
2019/20 Japan Takumi Minamino 10
63%
2020/21 Japan Takumi Minamino 9
63%
2021/22 Japan Takumi Minamino 11
63%
1999/00 Czech Republic Vladimir Smicer 21
63%
2000/01 Czech Republic Vladimir Smicer 27
63%
2001/02 Czech Republic Vladimir Smicer 22
63%
2002/03 Czech Republic Vladimir Smicer 21
63%
2003/04 Czech Republic Vladimir Smicer 20
63%
2004/05 Czech Republic Vladimir Smicer 10
63%
2017/18 England Alex Oxlade-Chamberlain 32
62%
2018/19 England Alex Oxlade-Chamberlain 2
62%
2019/20 England Alex Oxlade-Chamberlain 30
62%
2020/21 England Alex Oxlade-Chamberlain 13
62%
2021/22 England Alex Oxlade-Chamberlain 17
62%
2022/23 England Alex Oxlade-Chamberlain 9
62%
2010/11 England Andy Carroll 7
62%
2011/12 England Andy Carroll 35
62%
2012/13 England Andy Carroll 2
62%
2020/21 Ireland Caoimhin Kelleher 2
62%
2021/22 Ireland Caoimhin Kelleher 2
62%
2022/23 Ireland Caoimhin Kelleher 1
62%
2013/14 France Mamadou Sakho 18
62%
2014/15 France Mamadou Sakho 16
62%
2015/16 France Mamadou Sakho 22
62%
2000/01 Germany Markus Babbel 38
62%
2001/02 Germany Markus Babbel 2
62%
2002/03 Germany Markus Babbel 2
62%
2012/13 Wales Joe Allen 27
61%
2013/14 Wales Joe Allen 24
61%
2014/15 Wales Joe Allen 21
61%
2015/16 Wales Joe Allen 19
61%
2004/05 Spain Luis Garcia 29
60%
2005/06 Spain Luis Garcia 31
60%
2006/07 Spain Luis Garcia 17
60%
2015/16 England Nathaniel Clyne 33
60%
2016/17 England Nathaniel Clyne 37
60%
2017/18 England Nathaniel Clyne 3
60%
2018/19 England Nathaniel Clyne 4
60%
2007/08 Netherlands Ryan Babel 30
60%
2008/09 Netherlands Ryan Babel 27
60%
2009/10 Netherlands Ryan Babel 25
60%
2010/11 Netherlands Ryan Babel 9
60%
2004/05 France Djibril Cisse 16
59%
2005/06 France Djibril Cisse 33
59%
2014/15 Italy Mario Balotelli 16
59%
2019/20 Wales Neco Williams 6
59%
2020/21 Wales Neco Williams 6
59%
2021/22 Wales Neco Williams 1
59%
2015/16 Belgium Christian Benteke 29
58%
2020/21 England Rhys Williams 9
58%
2014/15 Spain Alberto Moreno 28
57%
2015/16 Spain Alberto Moreno 32
57%
2016/17 Spain Alberto Moreno 12
57%
2017/18 Spain Alberto Moreno 16
57%
2018/19 Spain Alberto Moreno 2
57%
1992/93 England David James 29
57%
1993/94 England David James 14
57%
1994/95 England David James 42
57%
1995/96 England David James 38
57%
1996/97 England David James 38
57%
1997/98 England David James 27
57%
1998/99 England David James 26
57%
1999/00 Germany Dietmar Hamann 28
57%
2000/01 Germany Dietmar Hamann 30
57%
2001/02 Germany Dietmar Hamann 31
57%
2002/03 Germany Dietmar Hamann 30
57%
2003/04 Germany Dietmar Hamann 25
57%
2004/05 Germany Dietmar Hamann 30
57%
2005/06 Germany Dietmar Hamann 17
57%
2005/06 England Peter Crouch 32
57%
2006/07 England Peter Crouch 32
57%
2007/08 England Peter Crouch 21
57%
2009/10 Argentina Maxi Rodriguez 17
55%
2010/11 Argentina Maxi Rodriguez 28
55%
2011/12 Argentina Maxi Rodriguez 12
55%
1999/00 England Emile Heskey 12
54%
2000/01 England Emile Heskey 36
54%
2001/02 England Emile Heskey 35
54%
2002/03 England Emile Heskey 32
54%
2003/04 England Emile Heskey 35
54%
2000/01 Scotland Gary McAllister 30
54%
2001/02 Scotland Gary McAllister 25
54%
2016/17 Estonia Ragnar Klavan 20
54%
2017/18 Estonia Ragnar Klavan 19
54%
2008/09 Ireland Robbie Keane 19
54%
2003/04 Ireland Steve Finnan 22
54%
2004/05 Ireland Steve Finnan 33
54%
2005/06 Ireland Steve Finnan 33
54%
2006/07 Ireland Steve Finnan 33
54%
2007/08 Ireland Steve Finnan 24
54%
1992/93 England Steve McManaman 31
54%
1993/94 England Steve McManaman 30
54%
1994/95 England Steve McManaman 40
54%
1995/96 England Steve McManaman 38
54%
1996/97 England Steve McManaman 37
54%
1997/98 England Steve McManaman 36
54%
1998/99 England Steve McManaman 28
54%
2011/12 Scotland Charlie Adam 28
53%
2013/14 Australia Brad Smith 1
52%
2015/16 Australia Brad Smith 4
52%
2020/21 England Nathaniel Phillips 17
52%
2022/23 England Nathaniel Phillips 2
52%
2000/01 Mali Djimi Traore 8
51%
2002/03 Mali Djimi Traore 32
51%
2003/04 Mali Djimi Traore 7
51%
2004/05 Mali Djimi Traore 26
51%
2005/06 Mali Djimi Traore 15
51%
2019/20 Spain Adrian 11
50%
2020/21 Spain Adrian 3
50%
2010/11 England Joe Cole 20
50%
2012/13 England Joe Cole 6
50%
2014/15 England Rickie Lambert 25
50%
2006/07 Spain Alvaro Arbeloa 9
49%
2007/08 Spain Alvaro Arbeloa 28
49%
2008/09 Spain Alvaro Arbeloa 29
49%
2006/07 Wales Craig Bellamy 27
48%
2011/12 Wales Craig Bellamy 27
48%
2002/03 Senegal El Hadji Diouf 29
48%
2003/04 Senegal El Hadji Diouf 26
48%
2010/11 England Jon Flanagan 7
48%
2011/12 England Jon Flanagan 5
48%
2013/14 England Jon Flanagan 23
48%
2015/16 England Jon Flanagan 5
48%
2005/06 Mali Mohamed Sissoko 26
48%
2006/07 Mali Mohamed Sissoko 16
48%
2007/08 Mali Mohamed Sissoko 9
48%
2009/10 Italy Alberto Aquilani 18
47%
2012/13 Italy Fabio Borini 13
47%
2014/15 Italy Fabio Borini 12
47%
2014/15 Serbia Lazar Markovic 19
47%
1996/97 Czech Republic Patrik Berger 23
47%
1997/98 Czech Republic Patrik Berger 22
47%
1998/99 Czech Republic Patrik Berger 32
47%
1999/00 Czech Republic Patrik Berger 34
47%
2000/01 Czech Republic Patrik Berger 14
47%
2001/02 Czech Republic Patrik Berger 21
47%
2002/03 Czech Republic Patrik Berger 2
47%
2011/12 England Stewart Downing 36
47%
2012/13 England Stewart Downing 29
47%
1992/93 England John Barnes 27
46%
1993/94 England John Barnes 26
46%
1994/95 England John Barnes 38
46%
1995/96 England John Barnes 36
46%
1996/97 England John Barnes 35
46%
2010/11 Portugal Raul Meireles 33
45%
2011/12 Portugal Raul Meireles 2
45%
2007/08 Ukraine Andrey Voronin 19
44%
2009/10 Ukraine Andrey Voronin 8
44%
1992/93 England Jamie Redknapp 29
44%
1993/94 England Jamie Redknapp 35
44%
1994/95 England Jamie Redknapp 41
44%
1995/96 England Jamie Redknapp 23
44%
1996/97 England Jamie Redknapp 23
44%
1997/98 England Jamie Redknapp 20
44%
1998/99 England Jamie Redknapp 34
44%
1999/00 England Jamie Redknapp 22
44%
2001/02 England Jamie Redknapp 4
44%
2000/01 Finand Jari Litmanen 5
44%
2001/02 Finand Jari Litmanen 21
44%
1997/98 England Paul Ince 31
44%
1998/99 England Paul Ince 34
44%
2011/12 Spain Jose Enrique 35
43%
2012/13 Spain Jose Enrique 29
43%
2013/14 Spain Jose Enrique 8
43%
2014/15 Spain Jose Enrique 4
43%
1994/95 Ireland Phil Babb 34
43%
1995/96 Ireland Phil Babb 28
43%
1996/97 Ireland Phil Babb 22
43%
1997/98 Ireland Phil Babb 19
43%
1998/99 Ireland Phil Babb 25
43%
2015/16 England Danny Ings 6
42%
2017/18 England Danny Ings 8
42%
2006/07 Brazil Fabio Aurelio 17
42%
2007/08 Brazil Fabio Aurelio 16
42%
2008/09 Brazil Fabio Aurelio 24
42%
2009/10 Brazil Fabio Aurelio 14
42%
2010/11 Brazil Fabio Aurelio 14
42%
2011/12 Brazil Fabio Aurelio 2
42%
2020/21 Turkey Ozan Kabak 9
42%
2011/12 Uruguay Sebastian Coates 7
42%
2012/13 Uruguay Sebastian Coates 5
42%
2001/02 France Nicolas Anelka 20
41%
1999/00 Switzerland Stephane Henchoz 29
41%
2000/01 Switzerland Stephane Henchoz 32
41%
2001/02 Switzerland Stephane Henchoz 37
41%
2002/03 Switzerland Stephane Henchoz 19
41%
2003/04 Switzerland Stephane Henchoz 18
41%
2022/23 Portugal Fabio Carvalho 13
40%
2006/07 England Jermaine Pennant 34
39%
2007/08 England Jermaine Pennant 18
39%
2008/09 England Jermaine Pennant 3
39%
2012/13 England Jordon Ibe 1
39%
2013/14 England Jordon Ibe 1
39%
2014/15 England Jordon Ibe 12
39%
2015/16 England Jordon Ibe 27
39%
2016/17 Serbia Marko Grujic 5
39%
2017/18 Serbia Marko Grujic 3
39%
2008/09 France David N'Gog 14
38%
2009/10 France David N'Gog 24
38%
2010/11 France David N'Gog 25
38%
2013/14 Spain Iago Aspas 14
38%
2022/23 Spain Stefan Bajcetic 11
38%
2008/09 Spain Albert Riera 28
37%
2009/10 Spain Albert Riera 12
37%
2005/06 Netherlands Boudewijn Zenden 7
37%
2006/07 Netherlands Boudewijn Zenden 16
37%
1992/93 Zimbabwe Bruce Grobbelaar 5
37%
1993/94 Zimbabwe Bruce Grobbelaar 29
37%
2010/11 Scotland Danny Wilson 2
37%
1997/98 England Danny Murphy 16
36%
1998/99 England Danny Murphy 1
36%
1999/00 England Danny Murphy 23
36%
2000/01 England Danny Murphy 27
36%
2001/02 England Danny Murphy 36
36%
2002/03 England Danny Murphy 36
36%
2003/04 England Danny Murphy 31
36%
2010/11 England Jonjo Shelvey 15
36%
2011/12 England Jonjo Shelvey 13
36%
2012/13 England Jonjo Shelvey 19
36%
2012/13 Turkey Nuri Sahin 7
36%
1999/00 Netherlands Sander Westerveld 36
36%
2000/01 Netherlands Sander Westerveld 38
36%
2001/02 Netherlands Sander Westerveld 1
36%
2013/14 Nigeria Victor Moses 19
36%
2017/18 England Dominic Solanke 21
35%
2004/05 Spain Fernando Morientes 13
35%
2005/06 Spain Fernando Morientes 28
35%
2010/11 England Paul Konchesky 15
35%
2008/09 Italy Andrea Dossena 16
34%
2009/10 Italy Andrea Dossena 2
34%
2006/07 Argentina Emiliano Insua 2
34%
2007/08 Argentina Emiliano Insua 3
34%
2008/09 Argentina Emiliano Insua 10
34%
2009/10 Argentina Emiliano Insua 31
34%
2000/01 Croatia Igor Biscan 13
34%
2001/02 Croatia Igor Biscan 5
34%
2002/03 Croatia Igor Biscan 6
34%
2003/04 Croatia Igor Biscan 29
34%
2004/05 Croatia Igor Biscan 19
34%
2001/02 Portugal Abel Xavier 10
33%
2002/03 Portugal Abel Xavier 4
33%
2003/04 France Florent Sinama-Pongolle 15
33%
2004/05 France Florent Sinama-Pongolle 16
33%
2005/06 France Florent Sinama-Pongolle 7
33%
1992/93 England Mark Wright 33
33%
1993/94 England Mark Wright 31
33%
1994/95 England Mark Wright 6
33%
1995/96 England Mark Wright 28
33%
1996/97 England Mark Wright 33
33%
1997/98 England Mark Wright 6
33%
2009/10 Greece Sotirios Kyrgiakos 14
33%
2010/11 Greece Sotirios Kyrgiakos 16
33%
2000/01 England Stephen Wright 2
33%
2001/02 England Stephen Wright 12
33%
2009/10 England Jay Spearing 3
32%
2010/11 England Jay Spearing 11
32%
2011/12 England Jay Spearing 16
32%
2013/14 Spain Luis Alberto 9
32%
2022/23 Scotland Ben Doak 2
31%
2009/10 England Martin Kelly 1
31%
2010/11 England Martin Kelly 11
31%
2011/12 England Martin Kelly 12
31%
2012/13 England Martin Kelly 4
31%
2013/14 England Martin Kelly 5
31%
2015/16 Hungary Adam Bogdan 2
30%
2006/07 Chile Mark Gonzalez 25
30%
2002/03 Senegal Salif Diao 26
30%
2003/04 Senegal Salif Diao 3
30%
2004/05 Senegal Salif Diao 8
30%
1995/96 England Stan Collymore 31
30%
1996/97 England Stan Collymore 30
30%
2010/11 Denmark Christian Poulsen 12
29%
2013/14 France Aly Cissokho 15
28%
2006/07 Morocco Nabil El Zhar 3
28%
2008/09 Morocco Nabil El Zhar 15
28%
2009/10 Morocco Nabil El Zhar 3
28%
2016/17 Wales Ben Woodburn 5
27%
2017/18 Wales Ben Woodburn 1
27%
1992/93 England Michael Thomas 8
27%
1993/94 England Michael Thomas 7
27%
1994/95 England Michael Thomas 23
27%
1995/96 England Michael Thomas 27
27%
1996/97 England Michael Thomas 31
27%
1997/98 England Michael Thomas 11
27%
2015/16 England Sheyi Ojo 8
27%
1992/93 Norway Stig Inge Bjornebye 11
27%
1993/94 Norway Stig Inge Bjornebye 9
27%
1994/95 Norway Stig Inge Bjornebye 31
27%
1995/96 Norway Stig Inge Bjornebye 2
27%
1996/97 Norway Stig Inge Bjornebye 38
27%
1997/98 Norway Stig Inge Bjornebye 25
27%
1998/99 Norway Stig Inge Bjornebye 23
27%
1992/93 Denmark Jan Molby 10
26%
1993/94 Denmark Jan Molby 11
26%
1994/95 Denmark Jan Molby 14
26%
2015/16 Jamaica Kevin Stewart 7
26%
2016/17 Jamaica Kevin Stewart 4
26%
2000/01 England Nick Barmby 26
26%
2001/02 England Nick Barmby 6
26%
1992/93 England Paul Stewart 24
26%
1993/94 England Paul Stewart 8
26%
1997/98 United States Brad Friedel 11
25%
1998/99 United States Brad Friedel 12
25%
1999/00 United States Brad Friedel 2
25%
2001/02 England Chris Kirkland 1
25%
2002/03 England Chris Kirkland 8
25%
2003/04 England Chris Kirkland 6
25%
2004/05 England Chris Kirkland 10
25%
1993/94 Scotland Dominic Matteo 11
25%
1994/95 Scotland Dominic Matteo 7
25%
1995/96 Scotland Dominic Matteo 5
25%
1996/97 Scotland Dominic Matteo 26
25%
1997/98 Scotland Dominic Matteo 26
25%
1998/99 Scotland Dominic Matteo 20
25%
1999/00 Scotland Dominic Matteo 32
25%
2002/03 England Neil Mellor 3
25%
2004/05 England Neil Mellor 9
25%
1993/94 England Neil Ruddock 39
25%
1994/95 England Neil Ruddock 37
25%
1995/96 England Neil Ruddock 20
25%
1996/97 England Neil Ruddock 17
25%
1997/98 England Neil Ruddock 2
25%
2003/04 France Anthony Le Tallec 13
24%
2004/05 France Anthony Le Tallec 4
24%
2015/16 Wales Danny Ward 2
24%
2009/10 England Jack Robinson 1
24%
2010/11 England Jack Robinson 2
24%
2014/15 Spain Javier Manquillo 10
24%
2010/11 Serbia Milan Jovanovic 10
24%
2012/13 Morocco Oussama Assaidi 4
24%
2002/03 France Bruno Cheyrou 19
23%
2003/04 France Bruno Cheyrou 12
23%
2000/01 Germany Christian Ziege 16
23%
1992/93 Israel Ronnie Rosenthal 27
23%
1993/94 Israel Ronnie Rosenthal 3
23%
2004/05 England Scott Carson 4
23%
2015/16 Sierra Leone Steven Caulker 3
23%
2012/13 Spain Suso 14
23%
1999/00 Guinea Titi Camara 33
23%
1996/97 England David Thompson 2
22%
1997/98 England David Thompson 5
22%
1998/99 England David Thompson 14
22%
1999/00 England David Thompson 27
22%
2011/12 Brazil Doni 4
22%
1995/96 Ireland Jason McAteer 29
22%
1996/97 Ireland Jason McAteer 37
22%
1997/98 Ireland Jason McAteer 21
22%
1998/99 Ireland Jason McAteer 13
22%
1998/99 Cameroon Rigobert Song 13
22%
1999/00 Cameroon Rigobert Song 18
22%
2000/01 Cameroon Rigobert Song 3
22%
2004/05 England Stephen Warnock 19
22%
2005/06 England Stephen Warnock 20
22%
2006/07 England Stephen Warnock 1
22%
2005/06 Netherlands Jan Kromkamp 13
21%
2006/07 Netherlands Jan Kromkamp 1
21%
1992/93 Scotland Steve Nicol 32
21%
1993/94 Scotland Steve Nicol 31
21%
1994/95 Scotland Steve Nicol 4
21%
1998/99 Ireland Steve Staunton 31
21%
1999/00 Ireland Steve Staunton 12
21%
2000/01 Ireland Steve Staunton 1
21%
1997/98 Germany Karl-Heinz Riedle 25
20%
1998/99 Germany Karl-Heinz Riedle 34
20%
1999/00 Germany Karl-Heinz Riedle 1
20%
1998/99 Norway Vegard Heggem 29
20%
1999/00 Norway Vegard Heggem 22
20%
2000/01 Norway Vegard Heggem 3
20%
2012/13 England Andre Wisdom 12
19%
2013/14 England Andre Wisdom 2
19%
2004/05 Spain Josemi 15
19%
2005/06 Spain Josemi 6
19%
2004/05 Argentina Mauricio Pellegrino 12
19%
2009/10 Switzerland Philipp Degen 7
19%
1992/93 Ireland Ronnie Whelan 17
19%
1993/94 Ireland Ronnie Whelan 23
19%
2022/23 England Bobby Clark 1
18%
2012/13 England Conor Coady 1
18%
1996/97 Norway Bjorn Tore Kvarme 15
17%
1997/98 Norway Bjorn Tore Kvarme 23
17%
1998/99 Norway Bjorn Tore Kvarme 7
17%
1992/93 Wales Dean Saunders 6
17%
1992/93 Scotland Don Hutchison 31
17%
1993/94 Scotland Don Hutchison 11
17%
1992/93 England Mark Walters 34
17%
1993/94 England Mark Walters 17
17%
1994/95 England Mark Walters 18
17%
1993/94 England Nigel Clough 27
17%
1994/95 England Nigel Clough 10
17%
1995/96 England Nigel Clough 2
17%
1997/98 Norway Oyvind Leonhardsen 28
17%
1998/99 Norway Oyvind Leonhardsen 9
17%
2009/10 Spain Dani Pacheco 4
16%
2010/11 Spain Dani Pacheco 1
16%
1994/95 England John Scales 35
16%
1995/96 England John Scales 27
16%
1996/97 England John Scales 3
16%
1992/93 England Steve Harkness 10
16%
1993/94 England Steve Harkness 11
16%
1994/95 England Steve Harkness 8
16%
1995/96 England Steve Harkness 24
16%
1996/97 England Steve Harkness 7
16%
1997/98 England Steve Harkness 25
16%
1998/99 England Steve Harkness 6
16%
2014/15 England Jerome Sinclair 2
15%
2021/22 England Kaide Gordon 1
15%
1994/95 Ireland Mark Kennedy 6
15%
1995/96 Ireland Mark Kennedy 4
15%
1996/97 Ireland Mark Kennedy 5
15%
1997/98 Ireland Mark Kennedy 1
15%
1998/99 South Africa Sean Dundee 3
15%
2021/22 England Tyler Morton 2
15%
1992/93 England David Burrows 30
14%
1993/94 England David Burrows 4
14%
2000/01 France Gregory Vignal 6
14%
2001/02 France Gregory Vignal 4
14%
2002/03 France Gregory Vignal 1
14%
1993/94 England Julian Dicks 24
14%
2009/10 Spain Daniel Ayala 5
13%
1999/00 Netherlands Erik Meijer 21
13%
2000/01 Netherlands Erik Meijer 3
13%
1992/93 England Mike Marsh 28
13%
1993/94 England Mike Marsh 2
13%
2015/16 Spain Pedro Chirivella 1
13%
2018/19 Portugal Rafael Camacho 1
13%
2000/01 France Bernard Diomede 2
12%
2007/08 France Damien Plessis 2
12%
2008/09 France Damien Plessis 1
12%
2016/17 England Ovie Ejaria 2
12%
2001/02 France Pegguy Arphexad 2
12%
2004/05 Ireland Darren Potter 2
11%
2006/07 Italy Gabriel Paletta 3
11%
2013/14 Portugal Joao Teixeira 1
11%
2015/16 Portugal Joao Teixeira 1
11%
2015/16 England Jordan Rossiter 1
11%
2015/16 England Cameron Brannagan 3
10%
1992/93 England Mike Hooper 9
10%
2003/04 France Patrice Luzi 1
10%
2015/16 Spain Sergi Canos 1
10%
2009/10 England Stephen Darby 1
10%
1992/93 Denmark Torben Piechnik 16
10%
1993/94 Denmark Torben Piechnik 1
10%
2015/16 England Connor Randall 3
9%
1998/99 France Jean Michel Ferri 2
9%
2003/04 England John Welsh 1
9%
2004/05 England John Welsh 3
9%
2006/07 Italy Daniele Padelli 1
8%
1992/93 Hungary Istvan Kozma 1
8%
2003/04 England Jon Otsemobor 4
8%
2006/07 England Danny Guthrie 3
7%
2009/10 England Nathan Eccleston 1
7%
2010/11 England Nathan Eccleston 1
7%
1992/93 England Nicky Tanner 4
6%
2004/05 England David Raven 1
5%
2007/08 England Jack Hobbs 2
5%
1999/00 England Jon Newby 1
3%
No matching quizzes found
Score Distribution
Percent of People with Each Score
Percentile by Number Answered
Your Score History
You have not taken this quiz